El Artista (Record no. 6288)

MARC details
000 -LEADER
campo de control de longitud fija 01019nam a2200253 i 4500
001 - NÚMERO DE CONTROL
campo de control 6288
003 - IDENTIFICADOR DE NÚMERO DE CONTROL
campo de control ES-MaACL
005 - FECHA Y HORA DE LA ÚLTIMA TRANSACCIÓN
campo de control 20250905132332.0
007 - CAMPO FIJO DE DESCRIPCIÓN FÍSICA--INFORMACIÓN GENERAL
campo de control de longitud fija t|
008 - DATOS DE LONGITUD FIJA--INFORMACIÓN GENERAL
campo de control de longitud fija 890920s1981 sp a |||| | spa d
020 ## - NÚMERO INTERNACIONAL ESTÁNDAR DEL LIBRO
Número Internacional Estándar del Libro 84-7506-019-6 (O.C.)
080 ## - NÚMERO DE LA CLASIFICACIÓN DECIMAL UNIVERSAL
Número de la Clasificación Decimal Universal 05(460)
080 ## - NÚMERO DE LA CLASIFICACIÓN DECIMAL UNIVERSAL
Número de la Clasificación Decimal Universal 7(460)
245 03 - MENCIÓN DEL TÍTULO
Título El Artista
Resto del título : Madrid, 1835-1836 /
Mención de responsabilidad, etc. estudio preliminar por Ángel González García y Francisco Calvo Serraller.
300 ## - DESCRIPCIÓN FÍSICA
Extensión 3 v. :
Otras características físicas il. ;
Dimensiones 29 cm.
500 ## - NOTA GENERAL
Nota general Índices en: Colección de índices de publicaciones periódicas, v. 1.
505 8# - NOTA DE CONTENIDO CON FORMATO
Nota de contenido con formato Contiene: t. I ;
Título Entregas I-XXVI - t. II ;
-- Entregas I-XXVI - t. III ;
-- Entregas I-XIII
534 ## - NOTA SOBRE LA VERSIÓN ORIGINAL
Frase introductoria Reprod. de la publicación del mismo tít.:
Publicación, distribución, etc. del original Madrid : Imp. de Sancha, 1835-1836.
630 04 - PUNTO DE ACCESO ADICIONAL DE MATERIA--TÍTULO UNIFORME
Título uniforme El Artista (Madrid. 1835)-
Subdivisión de forma Facsímiles.
9 (RLIN) 167886
700 0# - ENTRADA AGREGADA--NOMBRE PERSONAL
Nombre de persona González García, Angel,
Fechas asociadas al nombre 1948-
9 (RLIN) 58645
700 ## - ENTRADA AGREGADA--NOMBRE PERSONAL
Nombre de persona Calvo Serraller, Francisco,
Fechas asociadas al nombre 1948-2018
9 (RLIN) 235031
852 ## - LOCALIZACIÓN
Ubicación ES-MaACL
Número de control de estantería L-13496-98
Nota libre - Enc. cart.
Holdings
Estatus retirado Estado de pérdida Estado de daño No para préstamo Biblioteca de origen Biblioteca actual Ubicación en estantería Fecha de adquisición Fuente de adquisición Total de préstamos Signatura topográfica completa Código de barras Visto por última vez Precio de reemplazo Tipo de ítem Koha
        Biblioteca del Ateneo de Madrid Biblioteca del Ateneo de Madrid Depósito 2 17/01/2008     L-13496-98 1006401 23/02/2023 23/02/2023 Libro impreso